000 00770cam a22002414i 4500
020 _a9781107134041
020 _a9781107592230 (paperback)
040 _cDLC
082 0 0 _a327 NAT 1997 C153 Or.
245 0 0 _aAccommodating rising powers past, present, and future /
300 _ax, 326 pages ;
_c23 cm
650 0 _aMiddle powers.
650 0 _aWorld politics
650 0 _aWorld politics
650 0 _aMiddle powers
650 0 _aWorld politics
650 0 _aWorld politics
700 1 _aPaul, T. V.
856 4 2 _uhttp://www.loc.gov/catdir/enhancements/fy1602/2015023772-b.html
856 4 2 _uhttp://www.loc.gov/catdir/enhancements/fy1602/2015023772-d.html
856 4 1 _uhttp://www.loc.gov/catdir/enhancements/fy1602/2015023772-t.html
942 _cAEDBB
999 _c18867
_d18867